The protector de indios in colonial New Mexico, 1659-1821
Zapisane w:
| 1. autor: | |
|---|---|
| Format: | Książka |
| Język: | angielski |
| Wydane: |
Albuquerque
University of New Mexico
1986
|
| Hasła przedmiotowe: | |
| Etykiety: |
Dodaj etykietę
Nie ma etykietki, Dołącz pierwszą etykiete!
|
MARC
| LEADER | 00000nam a2200000 a 4500 | ||
|---|---|---|---|
| 001 | UCM3191 | ||
| 003 | CL-VaPUC | ||
| 008 | 020628e19860000US |||||||||||||||||eng|d | ||
| 082 | 0 | 4 | |a 346.72 |b CUT |2 21 |
| 100 | 0 | |a Cutter, Charles R |e author |9 469993 | |
| 245 | 1 | 4 | |a The protector de indios in colonial New Mexico, 1659-1821 |
| 300 | |a 129 p | ||
| 942 | |c BK | ||
| 945 | |d 20020628 00:00:00 |a cmena | ||
| 260 | |a Albuquerque |b University of New Mexico |c 1986 | ||
| 650 | 0 | |a Derecho privado |9 258243 | |
| 650 | 0 | |a Indígenas norteamericanos |9 469994 | |
| 650 | 0 | |a Derechos humanos |9 223025 | |
| 650 | 7 | |a INDIOS DE MEXICO |2 CL-VaPUC |9 255267 | |
| 651 | 7 | |a NUEVO MEXICO |2 CL-VaPUC |9 359247 | |
| 583 | |a last modification |c 20020628 00:00:00 |k Rodrigo Vera | ||
| 999 | |c 300679 |d 300677 | ||
| 952 | |0 0 |1 0 |4 0 |6 346_720000000000000_CUT_1986 |7 0 |8 DER_HDC |9 358857 |a BIBDER |b BIBDER |d 2019-11-21 |i 3822702 |l 1 |o 346.72 CUT 1986 |p 3822702 |r 2023-01-25 |s 2020-03-19 |w 2019-11-21 |x Ubicación 4to Piso |y BK |z Estos recursos deben solicitarse con anticipación |k DER | ||